00170nam a2200073Ia 4500008004100000100000900041245003700050260000900087190216s9999||||xx |||||||||||||| ||und|| aNull 0aHindi-Samsar Ke Prasid Senapathi bNull